[Event "CZE-chT2E 2223"]
[Site "Czech Republic"]
[Date "2022.10.16"]
[Round "1.2"]
[White "Mudrak, Josef"]
[Black "Sklenar, Tomas"]
[Result "1-0"]
[WhiteElo "2239"]
[BlackElo "1786"]
[PlyCount "83"]
[EventDate "2022.10.16"]
[EventType "team-tourn"]
[EventRounds "11"]
[EventCountry "CZE"]
[SourceTitle "EXT 2024"]
[Source "ChessBase"]
[SourceDate "2023.10.10"]
[SourceVersion "1"]
[SourceVersionDate "2023.10.10"]
[SourceQuality "1"]
[WhiteTeam "Kromeriz Slavia II"]
[BlackTeam "Litovel Tatran"]
[WhiteTeamCountry "CZE"]
[BlackTeamCountry "CZE"]

1. d4 d5 2. Nf3 Nf6 3. g3 Bf5 4. Bg2 e6 5. c4 c6 6. Nc3 h6 7. Qb3 Qb6 8. c5 Qa6 9. Bf1 b5 10. Nh4 Bh7 11. a4 Nbd7 12. Ra2 bxa4 13. Rxa4 Qc8 14. e3 e5 15. Ba6 Rb8 16. Bxc8 Rxb3 17. Rxa7 exd4 18. exd4 g5 19. Nf3 Rxc3 20. bxc3 Be4 21. 0-0 Bxf3 22. Bb7 Nb8 23. Re1+ Kd8 24. c4 Ne4 25. cxd5 Nxc5 26. dxc5 Bxc5 27. Ra8 Kc7 28. Bxc6 Rd8 29. Be3 Nxc6 30. Rxd8 Nxd8 31. Bxc5 Bxd5 32. Re8 h5 33. Bb6+ Kxb6 34. Rxd8 Be4 35. f4 gxf4 36. gxf4 Kc7 37. Rd4 Bc6 38. Kf2 Bd7 39. Kg3 Kd8 40. Kh4 Ke7 41. Kxh5 Bf5 42. Kg5 1-0

[Event "Prague Golden op"]
[Site "Prague"]
[Date "2022.07.13"]
[Round "5"]
[White "Omarsson, Adam"]
[Black "Sklenar, Tomas"]
[Result "1-0"]
[WhiteElo "1794"]
[BlackElo "1850"]
[PlyCount "37"]
[EventDate "2022.07.09"]
[EventType "swiss"]
[EventRounds "9"]
[EventCountry "CZE"]
[SourceTitle "CBM 209 Extra"]
[Source "ChessBase"]
[SourceDate "2022.09.30"]
[SourceVersion "1"]
[SourceVersionDate "2022.09.30"]
[SourceQuality "1"]

1. d4 d5 2. Bf4 c5 3. e3 Nc6 4. Nf3 Qb6 5. Nc3 cxd4 6. exd4 Bf5 7. Nxd5 Qa5+ 8. Nc3 Nb4 9. Bb5+ Kd8 10. 0-0 Nf6 11. Ne5 Nbd5 12. Nxf7+ Kc8 13. Nxd5 Nxd5 14. Nxh8 Nxf4 15. Qf3 g5 16. Bd3 Bh6 17. Nf7 g4 18. Bxf5+ Qxf5 19. Nxh6 1-0